Náklady na výskum a vývoj v podnikoch IT priemyslu v Slovenskej republike bakalárska práca

Gespeichert in:
Bibliographische Detailangaben
1. Verfasser: Bobek, Oliver
Körperschaft: Fakulta hospodárskej informatiky EU. Katedra účtovníctva a audítorstva
Weitere Verfasser: Pakšiová, Renáta, 1974-
Format: Buch
Sprache:Slowakisch
Veröffentlicht: Bratislava 2023
Tags: Tag hinzufügen
Keine Tags, Fügen Sie das erste Tag hinzu!

MARC

LEADER 00000nbm a2200000 4500
001 0295105
005 20240208130346.6
041 0 |a slo 
044 |a SK 
245 1 0 |a Náklady na výskum a vývoj v podnikoch IT priemyslu v Slovenskej republike  |b bakalárska práca  |c Oliver Bobek ; školiteľ: Renáta Pakšiová 
264 1 |a Bratislava  |c 2023 
300 |a 48 s. 
100 1 |a Bobek, Oliver 
700 1 |a Pakšiová, Renáta, 1974- 
710 2 |a Fakulta hospodárskej informatiky EU. Katedra účtovníctva a audítorstva